000 00727nam a22002417a 4500
999 _c170651
_d170651
005 20191219111411.0
010 _aB-133779
020 _c160.00
035 _aB-133779
037 _bBPPD/Pub.
082 _a841
100 _aجمیلہ خدابخس
245 _aدیوان جمیله /
_cجمیلہ خدابخس
246 _aDeewan-e-Jameela vol.III (Urdu) /
_bby jameela Khudabakhsh
260 _aپٹنہ
_bخدابخش ورئیےنٹل پبلک لائبریری
_c2005 ء
270 _bپٹنہ
300 _a207p.
_c21cm(Hb)
650 _aادب -- اردو
650 _aاردو غزل
650 _aUrdu literature
650 _aUrdu poetry
942 _2ddc
_cUR
_h841
_mج م ی